000
00242nam a2200109Ia 4500
008
190912s9999||||xx |||||||||||||| ||und||
100
_a
Grob
245
0
_a
Grob Basic Electronics
260
_a
USA
_b
Prentice
_c
1993
300
_a
930
942
_c
BK
999
_c
7104
_d
7104